| 000 | 01213cam a2200373 a 4500 | ||
|---|---|---|---|
| 001 | 641557 | ||
| 003 | OSt | ||
| 005 | 20140310184517.0 | ||
| 008 | 930503s1992 ilua 000 1 eng | ||
| 010 | _a 93148698 | ||
| 020 | _a0894341278 | ||
| 040 |
_aDLC _cDLC _dDLC |
||
| 042 | _alcac | ||
| 050 |
_aPZ 7 _b.T969 1876 |
||
| 100 | 1 |
_aTwain, Mark, _d1835-1910. _95357 |
|
| 245 | 1 | 4 |
_aThe adventures of Tom Sawyer / _cMark Twain (Samuel L. Clemens). |
| 260 |
_aChicago, Ill. : _bJ.G. Ferguson Pub. Co., _c1876. |
||
| 300 |
_axiii, 272 p. ; _bill. ; _c22 cm. |
||
| 521 | _aG8 | ||
| 526 | _c950 | ||
| 650 | 0 |
_aSawyer, Tom (Fictitious character) _xFiction. _95358 |
|
| 650 | 0 |
_aRunaway children _vFiction. _95359 |
|
| 650 | 0 |
_aChild witnesses _vFiction. _95360 |
|
| 650 | 0 |
_aMale friendship _vFiction. _95361 |
|
| 650 | 0 |
_aBoys _xFiction. _95362 |
|
| 651 | 0 |
_aMississippi River Valley _xFiction. _95363 |
|
| 651 | 0 |
_aMissouri _xFiction. _95364 |
|
| 655 | 7 |
_aAdventure stories. _2gsafd _92927 |
|
| 655 | 7 |
_aHumorous stories. _2gsafd _95365 |
|
| 906 |
_a7 _bcbc _corignew _d2 _encip _f19 _gy-gencatlg |
||
| 942 |
_2lcc _cBK-SCHOLAS |
||
| 999 |
_c34965 _d34965 |
||